Guess The FC24 Card - Statistics

General Stats
  • This quiz has been taken 1,345 times
  • The average score is 8 of 15
Answer Stats
Country OVR Club League Position Answer % Correct
Norway 91 Manchester City Premier League ST Haaland
100%
X 91 PSG Ligue 1 ST Mbappé
85%
Norway 87 X Premier League CAM Odegaard
79%
X 90 Barcelona X ST Lewandowski
76%
Australia 90 Chelsea X ST Kerr
75%
Brazil 89 X X LW Neymar Jr.
65%
Portugal 88 X X CAM Fernandes
59%
X X Inter Miami MLS X Messi
52%
X 88 Liverpool X LB Robertson
50%
France 81 X Premier League CB Konaté
37%
Gabon X X X ST Aubameyang
34%
Argentina X X X RB Zanetti
26%
X 87 X Premier League LW Son
24%
X 86 X X ST C. Ronaldo
21%
X 79 X Eredivise ST de Jong
18%
No matching quizzes found
Score Distribution
Percent of People with Each Score
Percentile by Number Answered
Your Score History
You have not taken this quiz